| 000 | 00767nam a22002055i 4500 | ||
|---|---|---|---|
| 001 | 166664 | ||
| 003 | ES-MaACL | ||
| 005 | 20230906213357.0 | ||
| 008 | 050916s1876 gw | |||||||| ||eng d | ||
| 040 |
_aCAM _bspa _cCAM |
||
| 080 | _a821.111-31"18" | ||
| 100 | 1 |
_aTrollope, Anthony ( _d1815-1882) _9133386 |
|
| 245 | 1 | 4 |
_aThe Prime Minister / _cby Anthony Trollope. |
| 260 |
_aLeipzig : _bBernhard Tauchnitz, _c1876. |
||
| 300 |
_a4 v. (302 ; 304 ; 303 ; 303 p.) ; _c16 cm. |
||
| 490 | 1 |
_aCollection of british authors ; _v1576 ; 1577 ; 1601 ; 1602 |
|
| 830 | 0 |
_aCollection of british authors ; _v1576 ; 1577 ; 1601 ; 1602 _9180703 |
|
| 852 |
_aES-MaACL _jG-12613-14 _z-- Enc. hol., conservando las cubs. originales _z-- Enc. 4 t. en 2 v. |
||
| 999 |
_c166664 _d166664 |
||